Niektoré poznatky o vybraných zložkách primárnej štruktúry krajiny

Podrobná bibliografia
Hlavní autori: Hreško, Juraj (Author), Jahn, Ján (Author), Bugár, Gabriel (Author)
Médium: Článok
Jazyk:Slovak
Témy:
ISBN: 80967883-8-8
Zdroj: 1. Prehľad ekologického výskumu na Slovensku : 3. ekologické dni 1. Banská Štiavnica : SEKOS (Slovenská ekologická spoločnosť pri SAV), 2001 1. S. 194-199 1. 80967883-8-8
LEADER 01143naa#a2200373#ar4500
001 000089113
003 SVKKK
005 20080430140724.0
008 080220s2001 xo #|0||||||||1|||b|slo
FMT
015 |a SNBRA2008/04 
038 |a SVKKK 
040 |a SVKKK  |b slo  |e AACR2 
041 0 |a slo  |b eng 
044 |a xo  |c SK 
080 |a 504.54  |2 1997 
080 |a 574  |2 1997 
100 1 |a Hreško, Juraj  |4 aut 
245 1 0 |a Niektoré poznatky o vybraných zložkách primárnej štruktúry krajiny  |c Juraj Hreško, Ján Jahn, Gabriel Bugár 
504 |a Bibliogr. odkazy 
546 |a Res. angl. 
650 0 4 |a mokrade  |x geologické pomery  |x geomorfológia  |z Paríž (Slovensko : potok) 
651 4 |a Paríž (Slovensko : potok)  |x ekologické pomery 
700 1 |a Jahn, Ján  |4 aut 
700 1 |a Bugár, Gabriel  |4 aut 
773 0 |t Prehľad ekologického výskumu na Slovensku : 3. ekologické dni  |d Banská Štiavnica : SEKOS (Slovenská ekologická spoločnosť pri SAV), 2001  |g S. 194-199  |z 80967883-8-8 
958 |a NB 
958 |a SK 
974 |a Ni 
992 |a RZB 
BAS
852 |a SVKKK  |b BIB 
EXP
998 |a GEO